00544cam a22002051 4500001001300000003000400013005001700017008004100034010001700075035002000092040003700112042001200149050002100161082001100182100002100193245003000214260004200244300003700286999001500323af 47001646 DLC20260227110809.0860912s1945 fr 000 0 fre c aaf 47001646  a(OCoLC)14208249 aChicago. Univ. LibrarycCLUdDLC apremarc00aPQ2613.E7373bS3 a843.911 aGermaire, Louis.10aSans rire et sans parler. a[Paris]bÉditions du Pavoisc[1945] a4 p. l., 11-193 p., 1 l.c19 cm. c1332d1332